Biología del conocimiento: Los fundamentos filogenéticos de la razón

Gorde:
Xehetasun bibliografikoak
Egile nagusia: Riedl, Rupert (Egilea)
Formatua: Liburua
Hizkuntza:gaztelania
Argitaratua: Barcelona Labor Universitaria 1983
Edizioa:1a. ed
Gaiak:
Etiketak: Etiketa erantsi
Etiketarik gabe, Izan zaitez lehena erregistro honi etiketa jartzen!

MARC

LEADER 00000nam a2200000 a 4500
001 UCH4640
003 CL-VaPUC
008 090827e19830000SP |||||||||||||||||spa|d
020 |a 8433517309 
082 0 4 |a 153.4  |b RIE  |2 21 
100 0 |a Riedl, Rupert  |e author  |9 540292 
245 1 0 |a Biología del conocimiento: Los fundamentos filogenéticos de la razón 
250 |a 1a. ed 
300 |a 252 p 
942 |c BK 
945 |d 20090827 00:00:00  |a dcastane 
260 |a Barcelona  |b Labor Universitaria  |c 1983 
650 0 |a Cognición   |9 270347 
650 7 |a PROCESOS MENTALES  |2 CL-VaPUC  |9 370472 
650 0 |a Conducta humana   |9 269906 
650 0 |a Pensamiento  |9 307612 
650 7 |a GENETICA Y CONOCIMIENTO  |2 CL-VaPUC  |9 540293 
583 |a last modification  |c 20090827 00:00:00  |k Rodrigo Vera 
999 |c 335914  |d 335912 
952 |0 0  |1 0  |4 0  |6 153_400000000000000_RIE_1983  |7 0  |8 A  |9 426766  |a BIBEDU  |b BIBEDU  |d 2019-11-22  |i 4594266  |o 153.4 RIE 1983  |p 4594266  |r 2019-11-22  |w 2019-11-22  |y BK  |k BME